LEADER 01088nam0-22003371i-450- 001 990008092670403321 005 20110530111949.0 010 $a88-324-4886-6 035 $a000809267 035 $aFED01000809267 035 $a(Aleph)000809267FED01 035 $a000809267 100 $a20050419d2003----km-y0itay50------ba 101 0 $aita 102 $aIT 105 $ay-------001yy 200 1 $a<>trasferimento all'estero dei dati personali$emodalita e soluzioni contrattuali per il flusso dei dati nel mondo economico$fRiccardo Imperiali, Rosario Imperiali 210 $aMilano$cIl Sole 24 Ore$d2003 215 $aXXI, 653 p.$d24 cm 225 1 $a<>libri di Diritto e pratica delle società 676 $a341.481$v21$zita 676 $a342.0858$v21$zita 700 1$aImperiali,$bRiccardo$0262812 701 1$aImperiali,$bRosario$0262813 801 0$aIT$bUNINA$gRICA$2UNIMARC 901 $aBK 912 $a990008092670403321 952 $aIX A 100$b6183$fDDCIC 959 $aDDCIC 996 $aTrasferimento all'estero dei dati personali$9753266 997 $aUNINA LEADER 00923nam0-2200313---450- 001 990007401310403321 005 20060118130121.0 035 $a000740131 035 $aFED01000740131 035 $a(Aleph)000740131FED01 035 $a000740131 100 $a20030325d1969----km-y0itay50------ba 101 0 $aita 102 $aIT 105 $ay---n---001yy 200 1 $aLineamenti di scienza delle finanze e diritto finanziario$ead uso degli istituti tecnici commerciali 210 $aMilano$cFrancoAngeli$d1969 215 $a296 p.$d22 cm 225 1 $aManuali professionali$v34 676 $a336$v16$zita 676 $a351.72$v12 rid.$zita 700 1$aFiorenza,$bSalvatore$0267592 801 0$aIT$bUNINA$gRICA$2UNIMARC 901 $aBK 912 $a990007401310403321 952 $aB 66$b1023$fDSS 959 $aDSS 996 $aLineamenti di scienza delle finanze e diritto finanziario$9691435 997 $aUNINA